000 00876njm a2200289 c 4500
003 BLK
005 20250320142640.0
008 180410b bul||n||s|||||||| n|bulo|
010 _aCDD00003358000
040 _aBLK
041 _aBUL
_cDRU
100 1 _aSaint-Saens, Camille
_d1835 - 1921
_gКомпозитор, органист
_qСен-Санс, Шарл Камий
_923115
139 _aSaint-Saens, Camille
_bS 16
245 1 0 _aSonate per violoncello e pianoforte [аудио CD]
_cCamille Saint-Saens.
245 1 0 _aChant saphique
257 _aBGR
260 Milano
_c2008
380 _a7
490 1 _aAmadeus
590 _aS.N: 86949 от КНИГИ
852 _aЦб CD 2063
_p0
856 4 _qpdf
_u
856 4 _qpdf
_u
942 _cCDD
_n0
944 _aCR
_c17.12.2008
_k30560
_lГеновева Генчева
944 _aED
_c17.12.2008
_k
999 _c220875
_d220875